00897nam a22002297a 4500001000500000005001700005020001800022040002900040050000800069082001200077100001700089245009700106250003200203260003400235300003600269505000700305520029500312521001700607521001700624650001600641650001000657213720231107123714.0 a9781406367409 aFISKHbengcFISKHdFISKH aPZ7 a823.914 aJames, Simon aDear Greenpeace /cSimon James Plymouth 24.12.61. Devon The enchanting environmental classic aThis edition published 2016 aLondon :bWalker Books,c1991 a24 unnumbered pages :c24x24 cm aK  aTold entirely in letter form, the text of this picture book is the correspondence between a small girl called Emily and the conservation organization Greenpeace, about a whale that she says lives in her garden pond. This large format book is intended for classroom use in the literacy hour. a590 bLexile aK bRaz-Plus aImagination aWhale